000 00297nam a22001337a 4500
020 _a81-8388-367-2
082 _a494
_bSPI/C
100 _aSPIDER BOOKS
245 _aMY BOOK OF CURSIVE WRITING
260 _aCHENNAI
_bSPIDER BOOKS
300 _a16
650 _aENGLISH WRITING
_zINDIA
942 _cBK
999 _c2278
_d2278